| 000 | 00990nas a2200313 4500 | ||
|---|---|---|---|
| 001 | BR2011001072 | ||
| 003 | BR-BrBNA | ||
| 005 | 20231205114444.0 | ||
| 007 | ta | ||
| 008 | 230509b bl.|||p| |||| 00| 00por d | ||
| 040 |
_aBR-BrBNA _bpor _cBiblioteca Nacional de Agricultura |
||
| 041 | _a(Pt) | ||
| 072 | _aK50 | ||
| 100 | 1 | _aSantos, R.T. dos | |
| 100 | 1 | _aValério, A.F. | |
| 100 | 1 | _aWatzlawick, L.F. | |
| 100 | 1 | _aSilvestre, R. | |
| 100 | 1 | _aKoehler, H.S. | |
| 245 | 1 | _aDeterminação da densidade básica da madeira de grandiuva d'anta (Psychotria CF. Sessilis (Cell.)Muell. Arg.)ao longo do fuste | |
| 650 | _aRUBIACEAE | ||
| 650 | _aDICOTILEDONEA | ||
| 650 | _aDENSIDADE DA MADEIRA | ||
| 650 | _aPROPRIEDADE FÍSICO-QUÍMICA | ||
| 650 | _aQUALIDADE | ||
| 650 | _aMÉTODO ESTATÍSTICO | ||
| 773 | 0 |
_tRevista Caatinga (Brazil) _xISSN 0100-316X _g(Jul-Sep 2008), v. 21(3) p. 49-53 _wBR2011001072 |
|
| 909 |
_a202311 _bLúcia _c55 _dLúcia Elande |
||
| 942 |
_2AGRIS _n0 _cANA |
||
| 999 |
_c208852 _d208852 |
||